000 00386 a2200109 4500
001 ART_39377
005 20260410161952.0
008 260409a
245 1 0 _aMuchas luces y algunas sombras del reglamento de actuación de procesos colectivos
100 1 _aAlvarez Larrondo, Federico M.
773 0 _tTemas de derecho comercial
_g- Año 2, Nº 6 (jun. 2016)
_wREV28151
999 _c30468
_d30468